00628nam a2200169 a 450000100100000000500170001000800410002704000250006808200150009311100850010824500370019326000690023030000200029904900090031995201130032899900170044100002589320200930024131.0110224s1985 dr 000 0 spa d aDO-SdBNPbspacBNPHU axxxbC749n1 aCongreso Nacional de Contadoresn(1a :d1984 oct. 25-28 :cSanto Domingo)95275310aCódigo de ética profesional. aSanto Domingo :bUniversidad Autónoma de Santo Domingo,c1985. a37 p. ;c22 cm. aBNPD 0010718PDaPDbPDcCTd2011-02-24iLF1l0oxxx C749np25893-10r2020-06-25w2020-06-25yLFPDZNo se presta c25385d25385